000 00501nam a22001817a 4500
005 20250216095610.0
008 250216b |||||||| |||| 00| 0 eng d
020 _a9781305501256
082 _a658.478
_bWHI-M
100 _aWhoitman, Michael E.
245 _aManagement of Information Security /
_cHerbert J.Mattord
250 _a5TH ED.
260 _aUSA:
_bCengage learning.;
_c2017.
300 _axxi, 650 p. :
_bill;
_c24 cm.
500 _ainclude index.
650 _aSecurity
999 _c36861
_d36861